[Event "32nd ECC Open 2016"]
[Site "Novi Sad SRB"]
[Date "2016.11.08"]
[Round "3.30"]
[Board "2"]
[White "Percin, Baris"]
[Black "Brown, Martin"]
[Result "1/2-1/2"]
[BlackTitle "FM"]
[WhiteElo "1877"]
[BlackElo "2302"]
[WhiteTeam "Hatay Metropolitan"]
[BlackTeam "White Rose"]
[WhiteFideId "6345174"]
[BlackFideId "401480"]
[EventDate "2016.11.06"]

1. e4 e6 2. Qe2 c5 3. d3 Nc6 4. c3 d6 5. g3 g6 6. Bg2 Bg7 7. Be3 Nge7 8. Qc2 O-O
9. Ne2 b6 10. O-O Bb7 11. Nd2 Rc8 12. f4 Rc7 13. Nf3 Qa8 14. g4 Nd8 15. Ng3 f5
16. h3 Bh6 17. Nd2 fxg4 18. hxg4 d5 19. g5 Bg7 20. Nf3 c4 21. Nd4 cxd3 22. Qxd3
dxe4 23. Bxe4 Nd5 24. Rad1 Rd7 25. Bc1 Qb8 26. Qb5 Qd6 27. Nde2 a6 28. Qd3 Rdf7
29. Kh2 b5 30. Qf3 Qc7 31. Qg4 Re7 32. Kg2 Nb6 33. Rh1 e5 34. f5 gxf5 35. Nxf5
Ref7 36. Neg3 Qc4 37. Ne3 Qc7 38. Rxh7 Rf4 39. Qh3 Rxe4 40. Kh2 Ref4 41. Nef5
Bc8 42. Rxg7+ Qxg7 43. Nh6+ Kh8 44. Nf7+ Kg8 45. Nh6+ 1/2-1/2

[Event "32nd ECC Open 2016"]
[Site "Novi Sad SRB"]
[Date "2016.11.08"]
[Round "3.30"]
[Board "3"]
[White "Townsend, M Paul"]
[Black "Gundogan, Sinem Cagla"]
[Result "0-1"]
[BlackTitle "WCM"]
[WhiteElo "2231"]
[BlackElo "1952"]
[WhiteTeam "White Rose"]
[BlackTeam "Hatay Metropolitan"]
[WhiteFideId "402320"]
[BlackFideId "6325378"]
[EventDate "2016.11.06"]

1. d4 d5 2. c4 c6 3. Nf3 Nf6 4. e3 e6 5. b3 Nbd7 6. Bd3 Bd6 7. O-O O-O 8. Bb2
Ne4 9. Qc2 f5 10. Ne5 Rf6 11. f3 Ng5 12. Nd2 Qe8 13. cxd5 exd5 14. f4 Ne4 15.
Ndf3 Rh6 16. g3 Ndf6 17. Qg2 Be6 18. Rae1 Qe7 19. h3 Nh5 20. Bxe4 dxe4 21. Ng5
Nf6 22. Kf2 Rd8 23. Rd1 Nd5 24. Kg1 Nxe3 0-1

[Event "32nd ECC Open 2016"]
[Site "Novi Sad SRB"]
[Date "2016.11.08"]
[Round "3.30"]
[Board "4"]
[White "Yildiz, Ozan"]
[Black "Barrett, Stephen J"]
[Result "1-0"]
[WhiteElo "1733"]
[BlackElo "2181"]
[WhiteTeam "Hatay Metropolitan"]
[BlackTeam "White Rose"]
[WhiteFideId "6323022"]
[BlackFideId "408727"]
[EventDate "2016.11.06"]

1. e4 c5 2. Nf3 e6 3. d4 cxd4 4. Nxd4 Nf6 5. Nc3 d6 6. Be2 Be7 7. O-O Nc6 8. Be3
O-O 9. f4 Bd7 10. Kh1 Nxd4 11. Bxd4 Bc6 12. Bf3 Nd7 13. Be3 b5 14. a4 b4 15. Nb5
Nc5 16. e5 d5 17. Qd2 Nxa4 18. Nxa7 Bd7 19. b3 Nc3 20. Ra6 Qc7 21. Rfa1 Bc5 22.
Qf2 Bxe3 23. Qxe3 g6 24. h3 Rfb8 25. Kh2 Rb7 26. Kh1 Rab8 27. Kh2 Rb6 28. R6a5
R8b7 29. Kh1 Kg7 30. h4 h5 31. Kh2 Qb8 32. Bxh5 gxh5 33. Nc6 Bxc6 34. Qg3+ Kf8
35. Ra8 Rc7 36. Rxb8+ Rxb8 37. Qg5 Rbc8 38. Qxh5 Be8 39. Qh6+ Ke7 40. Ra6 Ne4
41. Qg7 Bb5 42. Ra1 Rxc2 43. h5 R2c3 44. h6 Rg3 45. Ra7+ Bd7 46. Rxd7+ Kxd7 47.
Qxf7+ Kc6 48. Qxe6+ Kc7 49. Qxc8+ Kxc8 50. h7 Rxb3 51. h8=Q+ Kc7 52. e6 Rd3 53.
e7 Nd6 54. e8=Q Nxe8 55. Qh7+ 1-0

[Event "32nd ECC Open 2016"]
[Site "Novi Sad SRB"]
[Date "2016.11.08"]
[Round "3.30"]
[Board "6"]
[White "Micoogullari, Lara"]
[Black "Sucikova, Svetlana"]
[Result "1-0"]
[WhiteTitle "WCM"]
[BlackTitle "WFM"]
[WhiteElo "1673"]
[BlackElo "2076"]
[WhiteTeam "Hatay Metropolitan"]
[BlackTeam "White Rose"]
[WhiteFideId "6344968"]
[BlackFideId "14923653"]
[EventDate "2016.11.06"]

1. Nf3 d5 2. g3 Nf6 3. Bg2 Bf5 4. O-O Nbd7 5. d4 e6 6. Nbd2 c5 7. c4 Rc8 8. Qa4
a6 9. cxd5 exd5 10. Re1 Be7 11. dxc5 Rxc5 12. Nd4 Bg6 13. b4 Rc8 14. e4 dxe4 15.
Nxe4 O-O 16. Bb2 Nb6 17. Qb3 Rc4 18. a3 Nxe4 19. Bxe4 Bxe4 20. Rxe4 Bf6 21. Rd1
Qd5 22. Qe3 Bg5 23. Qe2 Bf6 24. Qe3 h6 25. Rg4 Bg5 26. Qd3 f5 27. Rxg5 hxg5 28.
Qe3 Na4 29. Ba1 Rd8 30. Qxg5 Nc3 31. Rd3 Ne4 32. Qf4 Rdc8 33. Nxf5 Qe6 34. Bxg7
Nc5 35. Qg5 Nxd3 36. Be5+ Kf8 37. Qg7+ Ke8 38. Nd6+ Kd8 39. Bf6+ Qxf6 40. Qxf6+
Kd7 41. Nxc8 1-0

[Event "32nd ECC Open 2016"]
[Site "Novi Sad SRB"]
[Date "2016.11.08"]
[Round "3.31"]
[Board "1"]
[White "Zeidler, Sven P."]
[Black "Petrov, Nikita"]
[Result "0-1"]
[WhiteTitle "FM"]
[BlackTitle "IM"]
[WhiteElo "2185"]
[BlackElo "2509"]
[WhiteTeam "Abergavenny"]
[BlackTeam "Club d'Echecs de Geneve"]
[WhiteFideId "1800604"]
[BlackFideId "4101286"]
[EventDate "2016.11.06"]

1. e4 e5 2. Nf3 Nc6 3. c3 Nf6 4. d4 Nxe4 5. d5 Bc5 6. dxc6 Bxf2+ 7. Ke2 Bb6 8.
Qd5 Nf2 9. Be3 Nxh1 10. Bxb6 axb6 11. cxb7 Bxb7 12. Qxb7 O-O 13. Nbd2 d5 14. Rd1
e4 15. Nxe4 Re8 16. Rxd5 Rxe4+ 17. Kd2 Qb8 18. Qxb8+ Rxb8 19. Rd7 c5 20. Rxf7
Rd8+ 21. Kc2 Kxf7 22. Ng5+ Ke7 23. Nxe4 Nf2 24. Ng3 Ng4 25. b4 Ne3+ 26. Kb3 Rd1
27. Be2 Rb1+ 28. Ka4 Nd5 29. Kb5 Nxc3+ 30. Kxb6 Nxe2 31. Nxe2 cxb4 32. Nf4 Rb2
33. Kc5 Rxa2 34. Kxb4 Rf2 0-1

[Event "32nd ECC Open 2016"]
[Site "Novi Sad SRB"]
[Date "2016.11.08"]
[Round "3.31"]
[Board "2"]
[White "Vuilleumier, Alexandre"]
[Black "Morris, Charles F"]
[Result "0-1"]
[WhiteTitle "IM"]
[WhiteElo "2350"]
[BlackElo "2132"]
[WhiteTeam "Club d'Echecs de Geneve"]
[BlackTeam "Abergavenny"]
[WhiteFideId "1305662"]
[BlackFideId "1800140"]
[EventDate "2016.11.06"]

1. e4 e6 2. d4 d5 3. Nc3 Nf6 4. e5 Nfd7 5. f4 c5 6. Nf3 Nc6 7. Be3 cxd4 8. Nxd4
Bc5 9. Qd2 O-O 10. O-O-O a6 11. Qf2 Qe7 12. Bd3 f6 13. exf6 Nxf6 14. h3 Nxd4 15.
Bxd4 Bxd4 16. Qxd4 Nh5 17. Rhf1 Qf6 18. Qxf6 gxf6 19. g4 Ng7 20. f5 d4 21. fxe6
dxc3 22. e7 cxb2+ 23. Kxb2 Re8 24. Bc4+ Be6 25. Bxe6+ Nxe6 26. Rxf6 Rxe7 27. h4
Rf8 28. Rh6 Nf4 29. g5 Re6 30. Rxe6 Nxe6 31. Rd6 Nf4 32. c4 Rf7 33. Kc3 Rc7 34.
Kd4 Ng6 35. h5 Ne7 36. Rf6 Nc8 37. Kd5 Rg7 38. g6 hxg6 39. hxg6 Ne7+ 40. Kc5
Nxg6 41. Kb6 Ne5 42. Rf4 Re7 43. c5 Nc6 44. a3 Rd7 45. Rf1 Ne7 46. Ka7 Rc7 47.
Kb8 Nd5 48. Rf5 Rxc5 49. Kxb7 a5 50. a4 Kg7 51. Rh5 Kg6 52. Re5 Kf6 53. Rh5 Ke6
54. Rh6+ Ke5 55. Ka6 Kd4 56. Rh8 Ke4 57. Rh1 Nc3 0-1

[Event "32nd ECC Open 2016"]
[Site "Novi Sad SRB"]
[Date "2016.11.08"]
[Round "3.31"]
[Board "3"]
[White "Powell, Lloyd"]
[Black "Fioramonti, Hung"]
[Result "1-0"]
[BlackTitle "IM"]
[WhiteElo "2072"]
[BlackElo "2325"]
[WhiteTeam "Abergavenny"]
[BlackTeam "Club d'Echecs de Geneve"]
[WhiteFideId "1801406"]
[BlackFideId "1300202"]
[EventDate "2016.11.06"]

1. d4 Nc6 2. Nf3 d5 3. c4 Bg4 4. Nc3 e6 5. e3 Bb4 6. Be2 Nge7 7. O-O O-O 8. Qb3
dxc4 9. Qxc4 Nd5 10. Rd1 Bh5 11. e4 Nb6 12. Qb3 a5 13. Bg5 Be7 14. Be3 a4 15.
Qc2 a3 16. b3 Qc8 17. Rac1 Nb4 18. Qd2 Rd8 19. Nb5 c6 20. d5 N6xd5 21. exd5 Rxd5
22. Nfd4 Bxe2 23. Qxe2 e5 24. Nc3 exd4 25. Nxd5 Nxd5 26. Bxd4 Qd7 27. h3 Bb4 28.
Qg4 f5 29. Qf3 Re8 30. Bc5 Bxc5 31. Rxc5 g6 32. Rcc1 Qe7 33. Kf1 Qg5 34. Re1 Re4
35. Rcd1 Rf4 36. Qe2 Qg3 37. Kg1 Qg5 38. Rxd5 cxd5 39. Qe8+ Kg7 40. Re7+ Qxe7
41. Qxe7+ Kh6 42. Qxb7 d4 43. f3 1-0

[Event "32nd ECC Open 2016"]
[Site "Novi Sad SRB"]
[Date "2016.11.08"]
[Round "3.31"]
[Board "4"]
[White "Gerber, Richard"]
[Black "Waterfield, John W"]
[Result "1-0"]
[WhiteTitle "IM"]
[WhiteElo "2326"]
[BlackElo "1986"]
[WhiteTeam "Club d'Echecs de Geneve"]
[BlackTeam "Abergavenny"]
[WhiteFideId "1300652"]
[BlackFideId "407143"]
[EventDate "2016.11.06"]

1. Nf3 Nf6 2. d4 c5 3. d5 g6 4. Nc3 d6 5. e4 Bg7 6. Bb5+ Nfd7 7. Be2 Na6 8. Bf4
Nc7 9. Qd2 a6 10. Bh6 O-O 11. h4 Nf6 12. h5 Bxh6 13. Qxh6 Ng4 14. Qf4 e5 15.
dxe6 Bxe6 16. Ng5 Nf6 17. O-O-O Qe7 18. Rxd6 h6 19. hxg6 hxg5 20. Qxg5 fxg6 21.
e5 Nfd5 22. Qxg6+ Qg7 23. Rxe6 Nxe6 24. Qxe6+ Qf7 25. Qxd5 Rad8 26. Bc4 1-0

[Event "32nd ECC Open 2016"]
[Site "Novi Sad SRB"]
[Date "2016.11.08"]
[Round "3.31"]
[Board "5"]
[White "Miles, Richard"]
[Black "Landenbergue, Claude"]
[Result "0-1"]
[BlackTitle "IM"]
[WhiteElo "2000"]
[BlackElo "2334"]
[WhiteTeam "Abergavenny"]
[BlackTeam "Club d'Echecs de Geneve"]
[WhiteFideId "1801139"]
[BlackFideId "1300130"]
[EventDate "2016.11.06"]

1. d4 e6 2. Nf3 d5 3. c4 c6 4. e3 Bd6 5. Nc3 f5 6. Bd3 Nf6 7. Qc2 Ne4 8. O-O Nd7
9. Ne1 O-O 10. f4 Ndf6 11. Nf3 b6 12. Ne5 Bb7 13. Bxe4 fxe4 14. Qb3 Qe7 15. cxd5
exd5 16. Bd2 Kh8 17. a4 Ba6 18. Rfc1 Bxe5 19. dxe5 Nd7 20. Na2 Qe6 21. Nb4 Bc4
22. Qd1 Nc5 23. Ra3 a5 24. Nc2 Nd3 25. Nd4 Qe8 26. Rb1 c5 27. Ne2 Rd8 28. b3 Ba6
29. Bc3 Qe7 30. Ra2 d4 31. exd4 cxd4 32. Ba1 Nb4 0-1

[Event "32nd ECC Open 2016"]
[Site "Novi Sad SRB"]
[Date "2016.11.08"]
[Round "3.31"]
[Board "6"]
[White "Delpin, Patrice"]
[Black "Dixon, Chris"]
[Result "0-1"]
[WhiteElo "2034"]
[BlackElo "1785"]
[WhiteTeam "Club d'Echecs de Geneve"]
[BlackTeam "Abergavenny"]
[WhiteFideId "1313770"]
[BlackFideId "1801880"]
[EventDate "2016.11.06"]

1. d4 Nf6 2. Nf3 g6 3. Nc3 Bg7 4. e4 d6 5. Be3 O-O 6. Qd2 a6 7. h3 Nc6 8. Bd3 e5
9. d5 Ne7 10. Bh6 b5 11. Bxg7 Kxg7 12. g4 Bd7 13. Ne2 c6 14. g5 Nh5 15. O-O-O
cxd5 16. exd5 Bf5 17. Ng3 Nxg3 18. fxg3 Bxd3 19. Qxd3 Rc8 20. Rd2 Rc4 21. b3 Rc5
22. Qe4 a5 23. g4 a4 24. Kb1 axb3 25. cxb3 Qc7 26. Rc2 Rc8 27. Rhc1 Rxc2 28.
Rxc2 Qxc2+ 29. Qxc2 Rxc2 30. Kxc2 Nxd5 31. a4 bxa4 32. bxa4 Kf8 33. Kb3 Ke7 34.
Kc4 Nc7 35. h4 Kd7 36. Nd2 Kc6 37. Nb3 d5+ 38. Kc3 Na6 39. Na5+ Kb6 40. Nb3 Nc5
41. a5+ Kb5 42. Nd4+ exd4+ 43. Kxd4 Kc6 44. Ke5 Na6 0-1

[Event "32nd ECC Open 2016"]
[Site "Novi Sad SRB"]
[Date "2016.11.09"]
[Round "4.1"]
[Board "1"]
[White "Sjugirov, Sanan"]
[Black "Andreikin, Dmitry"]
[Result "1/2-1/2"]
[WhiteTitle "GM"]
[BlackTitle "GM"]
[WhiteElo "2664"]
[BlackElo "2736"]
[WhiteTeam "Zhiguli"]
[BlackTeam "Alkaloid"]
[WhiteFideId "4189302"]
[BlackFideId "4158814"]
[EventDate "2016.11.06"]

1. d4 Nf6 2. c4 e6 3. Nc3 Bb4 4. Qc2 O-O 5. a3 Bxc3+ 6. Qxc3 d6 7. Bg5 Nbd7 8.
f3 e5 9. e4 exd4 10. Qxd4 Nc5 11. Rd1 Bd7 12. b4 Ne6 13. Bxf6 gxf6 14. Qd2 f5
15. exf5 Ng7 16. Bd3 Bxf5 17. Ne2 Bxd3 18. Qxd3 Qh4+ 19. g3 Qh6 20. O-O Rae8 21.
Nc3 Nf5 22. Rde1 Re3 23. Qxf5 Rxc3 24. Re4 Kh8 25. Rfe1 Rc2 26. R1e2 Qg6 27. Qf4
Rxe2 28. Rxe2 f6 29. Qd4 b6 30. Kg2 Kg7 31. Re7+ Rf7 32. Re4 h5 33. h4 Kh7 34.
Qd5 Rg7 35. Kf1 f5 36. Re6 Qf7 37. Kf2 a6 38. a4 Qf8 39. b5 a5 40. Re2 Qf6 41.
f4 Qg6 42. Re3 Qf6 43. Re2 Rg6 44. Qd3 Kh6 45. Qe3 Qg7 46. Qd3 Qf6 47. Qe3 Qg7
48. Kg2 Qg8 49. Qd3 Re6 50. Kf2 Qe8 51. Rxe6+ Qxe6 52. Qd5 Qxd5 53. cxd5 Kg6 1/2-1/2

[Event "32nd ECC Open 2016"]
[Site "Novi Sad SRB"]
[Date "2016.11.09"]
[Round "4.1"]
[Board "2"]
[White "Eljanov, Pavel"]
[Black "Oparin, Grigoriy"]
[Result "1-0"]
[WhiteTitle "GM"]
[BlackTitle "GM"]
[WhiteElo "2757"]
[BlackElo "2621"]
[WhiteTeam "Alkaloid"]
[BlackTeam "Zhiguli"]
[WhiteFideId "14102951"]
[BlackFideId "24125890"]
[EventDate "2016.11.06"]

1. e4 c5 2. Nf3 d6 3. d4 cxd4 4. Nxd4 Nf6 5. Nc3 a6 6. h3 e5 7. Nde2 h5 8. Bg5
Be6 9. Bxf6 Qxf6 10. Nd5 Qd8 11. Qd3 Nd7 12. O-O-O g6 13. Kb1 Nc5 14. Qf3 Bg7
15. Nec3 b5 16. Ne3 O-O 17. g4 h4 18. Rg1 Qg5 19. Rxd6 Rfd8 20. Rc6 Rac8 21.
Rxc8 Bxc8 22. Bg2 Rd4 23. Rd1 Bb7 24. Ncd5 Rxe4 25. c3 Bxd5 26. Nxd5 a5 27. a3
Qd8 28. b4 axb4 29. axb4 Rc4 30. Ne3 Qc7 31. Qc6 Ne4 32. Qa8+ Kh7 33. Bxe4 Rxc3
34. Kb2 Rc4 35. Nxc4 Qxc4 36. Qd5 Qxb4+ 37. Kc2 Qa3 38. f3 1-0

[Event "32nd ECC Open 2016"]
[Site "Novi Sad SRB"]
[Date "2016.11.09"]
[Round "4.1"]
[Board "3"]
[White "Predke, Alexandr"]
[Black "Jakovenko, Dmitry"]
[Result "1/2-1/2"]
[WhiteTitle "GM"]
[BlackTitle "GM"]
[WhiteElo "2579"]
[BlackElo "2709"]
[WhiteTeam "Zhiguli"]
[BlackTeam "Alkaloid"]
[WhiteFideId "24107581"]
[BlackFideId "4122356"]
[EventDate "2016.11.06"]

1. e4 e5 2. Nf3 Nc6 3. Bb5 Nf6 4. d3 d6 5. c3 Be7 6. O-O O-O 7. Re1 a6 8. Ba4 b5
9. Bb3 Na5 10. Bc2 c5 11. Nbd2 Re8 12. Nf1 h6 13. Ng3 Bf8 14. h3 g6 15. d4 exd4
16. cxd4 Bg7 17. b3 Nc6 18. Be3 cxd4 19. Nxd4 Bb7 20. Qd2 Qa5 21. Nxc6 Qxd2 22.
Bxd2 Bxc6 23. Rac1 Rac8 24. Bd3 h5 25. a4 Nd7 26. Bb4 Bf8 27. axb5 axb5 28. Ne2
Nc5 29. Bxc5 dxc5 30. Nc3 Rb8 31. e5 Bh6 32. Rcd1 Bf4 33. Be4 Bxe4 34. Nxe4 Bxe5
35. Nxc5 Bc3 36. Re4 Kg7 37. Rd3 b4 38. g3 Rbd8 39. Rxd8 Rxd8 40. Na6 Rd1+ 41.
Kg2 Rb1 1/2-1/2

[Event "32nd ECC Open 2016"]
[Site "Novi Sad SRB"]
[Date "2016.11.09"]
[Round "4.1"]
[Board "4"]
[White "Yu, Yangyi"]
[Black "Frolyanov, Dmitry"]
[Result "1-0"]
[WhiteTitle "GM"]
[BlackTitle "GM"]
[WhiteElo "2721"]
[BlackElo "2539"]
[WhiteTeam "Alkaloid"]
[BlackTeam "Zhiguli"]
[WhiteFideId "8603820"]
[BlackFideId "4151976"]
[EventDate "2016.11.06"]

1. e4 c5 2. Nf3 Nc6 3. Nc3 g6 4. d4 cxd4 5. Nxd4 Bg7 6. Be3 Nf6 7. Nxc6 bxc6 8.
e5 Ng8 9. f4 f6 10. Bd4 Nh6 11. exf6 Bxf6 12. Ne4 Bxd4 13. Qxd4 O-O 14. O-O-O d5
15. Nc5 Qd6 16. g3 Nf5 17. Qc3 Qf6 18. Rd3 Nd6 19. Qxf6 exf6 20. Ra3 Re8 21. Bd3
Re7 22. Kd2 Bf5 23. Re1 Rxe1 24. Kxe1 Bxd3 25. cxd3 Nb5 26. Ra6 Nd4 27. Kd1 Rb8
28. b3 Ra8 29. Nd7 Kg7 30. Nb6 Re8 31. Rxa7+ Kh6 32. Nd7 Re7 33. Rb7 Nf3 34. a4
d4 35. a5 Re1+ 36. Kc2 Re2+ 37. Kb1 Ne1 38. Nxf6 g5 39. Ng4+ Kh5 40. Ne5 gxf4
41. gxf4 1-0

[Event "32nd ECC Open 2016"]
[Site "Novi Sad SRB"]
[Date "2016.11.09"]
[Round "4.1"]
[Board "5"]
[White "Geller, Jakov"]
[Black "Kryvoruchko, Yuriy"]
[Result "1/2-1/2"]
[WhiteTitle "GM"]
[BlackTitle "GM"]
[WhiteElo "2488"]
[BlackElo "2702"]
[WhiteTeam "Zhiguli"]
[BlackTeam "Alkaloid"]
[WhiteFideId "4151984"]
[BlackFideId "14109182"]
[EventDate "2016.11.06"]

1. e4 e5 2. Nf3 Nc6 3. Bc4 Nf6 4. d3 Bc5 5. O-O d6 6. c3 h6 7. h3 O-O 8. Re1 a5
9. a4 Ba7 10. Nbd2 Be6 11. Qb3 Qd7 12. Nf1 Ne7 13. Bxe6 fxe6 14. Be3 Ng6 15.
Bxa7 Rxa7 16. d4 Nh5 17. Re3 exd4 18. cxd4 c6 19. g3 Raa8 20. e5 d5 21. N1h2 Ne7
22. Nh4 g5 23. Ng2 Kh8 24. Ng4 Ng8 25. h4 Ng7 26. hxg5 hxg5 27. Rd3 Nf5 28. N2e3
Rf7 29. Kg2 Rh7 30. Rdd1 Rf8 31. Qd3 Qf7 32. Rh1 Qg6 33. Rxh7+ Kxh7 34. Qd2 Kg7
35. Re1 Nfh6 36. f3 Nxg4 37. Nxg4 Nh6 38. Nf6 Ng8 39. Ng4 Nh6 40. Nf6 Ng8 41.
Ng4 1/2-1/2

[Event "32nd ECC Open 2016"]
[Site "Novi Sad SRB"]
[Date "2016.11.09"]
[Round "4.1"]
[Board "6"]
[White "Nedev, Trajko"]
[Black "Brodsky, Michail"]
[Result "0-1"]
[WhiteTitle "GM"]
[BlackTitle "GM"]
[WhiteElo "2480"]
[BlackElo "2523"]
[WhiteTeam "Alkaloid"]
[BlackTeam "Zhiguli"]
[WhiteFideId "15000605"]
[BlackFideId "14100932"]
[EventDate "2016.11.06"]

1. e4 c5 2. Nf3 Nc6 3. Bb5 g6 4. Bxc6 bxc6 5. O-O Bg7 6. Re1 Nf6 7. e5 Nd5 8. c4
Nc7 9. Nc3 O-O 10. d4 cxd4 11. Qxd4 Ne6 12. Qh4 f6 13. Ne4 d5 14. exd6 exd6 15.
Rd1 f5 16. Neg5 h6 17. Nxe6 Bxe6 18. Qg3 g5 19. Nxg5 hxg5 20. Bxg5 Qb6 21. Rxd6
Qxb2 22. Rad1 Rae8 23. Rxc6 Qe2 24. Qf3 Bxc4 25. Qxe2 Bxe2 26. Rdc1 Bb5 27. R6c2
Re6 28. h4 a6 29. a3 Rfe8 30. Kh2 Bf8 31. Rc3 Bd6+ 32. g3 Re1 33. Kg2 Rxc1 34.
Bxc1 Kf7 35. Be3 Be5 36. Rc5 Ke6 37. h5 Bd6 38. Rc3 Kd7 39. Bd4 Bf8 40. Be3 Re6
41. Bf4 Bc6+ 42. Kh3 Re1 43. Rc1 Re6 44. Rc3 Re1 45. Rc1 Rxc1 46. Bxc1 Ke6 47.
h6 Kf7 48. g4 fxg4+ 49. Kxg4 Be4 50. f3 Bc2 51. Kg5 Ke6 52. Bb2 Be7+ 53. Kg4 Bc5
54. Kg5 Be3+ 55. f4 Bc5 56. a4 Be7+ 57. Kg4 Bf5+ 58. Kf3 Kd5 59. Be5 Bd8 60. Ke3
Kc4 61. Bd6 a5 0-1

[Event "32nd ECC Open 2016"]
[Site "Novi Sad SRB"]
[Date "2016.11.09"]
[Round "4.2"]
[Board "2"]
[White "Dominguez Perez, Leinier"]
[Black "Rapport, Richard"]
[Result "1/2-1/2"]
[WhiteTitle "GM"]
[BlackTitle "GM"]
[WhiteElo "2752"]
[BlackElo "2730"]
[WhiteTeam "Mednyi Vsadnik"]
[BlackTeam "VSK Sveti Nikolaj Srpski"]
[WhiteFideId "3503240"]
[BlackFideId "738590"]
[EventDate "2016.11.06"]

1. e4 e6 2. d4 d5 3. Nc3 Bb4 4. e5 c5 5. dxc5 Ne7 6. Nf3 Nd7 7. Bd3 Nxc5 8. O-O
Bxc3 9. bxc3 Bd7 10. Re1 Rc8 11. Rb1 a6 12. Ba3 b5 13. Nd4 Ng6 14. Re3 Na4 15.
Qf3 Qg5 16. Rbe1 Nc5 17. g3 Nxd3 18. cxd3 Rxc3 19. Bb4 Rc8 20. Qg2 Qd8 21. Nb3
d4 22. Nxd4 Qb6 23. Qe4 h5 24. h4 Bc6 25. Nxc6 Qxc6 26. Qd4 Qb7 27. a4 a5 28.
Bxa5 Ne7 29. Qb2 Ra8 30. Bc3 Rxa4 31. Re4 Rxe4 32. dxe4 O-O 33. Bb4 Rc8 34. Bxe7
Qxe7 35. Qxb5 Qc5 36. Qd7 Rb8 37. Qd6 Rb5 38. Qd8+ Kh7 39. Qd7 Kg6 40. Qd3 Qxe5
41. Kg2 1/2-1/2

[Event "32nd ECC Open 2016"]
[Site "Novi Sad SRB"]
[Date "2016.11.09"]
[Round "4.2"]
[Board "3"]
[White "Morozevich, Alexander"]
[Black "Vitiugov, Nikita"]
[Result "0-1"]
[WhiteTitle "GM"]
[BlackTitle "GM"]
[WhiteElo "2683"]
[BlackElo "2718"]
[WhiteTeam "VSK Sveti Nikolaj Srpski"]
[BlackTeam "Mednyi Vsadnik"]
[WhiteFideId "4116992"]
[BlackFideId "4152956"]
[EventDate "2016.11.06"]

1. e4 e5 2. Nf3 Nc6 3. Bb5 a6 4. Ba4 Nf6 5. O-O Be7 6. d3 b5 7. Bb3 d6 8. a4 Bd7
9. c3 Na5 10. Bc2 c5 11. d4 Qb8 12. Bg5 h6 13. Bxf6 Bxf6 14. axb5 axb5 15. dxc5
dxc5 16. Qd5 Qc8 17. b4 Be6 18. Qxc5 Qxc5 19. bxc5 Kd7 20. Na3 Kc6 21. Rab1 Rhb8
22. Rfd1 Nc4 23. Nxc4 bxc4 24. Rxb8 Rxb8 25. Ra1 Rb2 26. Bd1 Kxc5 27. Kf1 Bg4
28. Ra5+ Kb6 29. Ra8 Kb7 30. Ra4 Bd7 31. Ra1 Bc6 32. Be2 Bb5 33. Bd1 Kb6 34. Ke1
Be7 35. Be2 Rc2 36. Nxe5 Bf6 37. Nxc4+ Kc5 38. Ra7 Bxc3+ 39. Kd1 Rxe2 40. Kxe2
Bxc4+ 41. Kf3 Kd6 42. g3 Be6 43. Kg2 Ke5 44. f3 g5 45. Rc7 Bd4 46. Rb7 Bc5 47.
Rb5 Kd4 48. h3 h5 49. h4 Bc4 50. Rb8 g4 51. f4 Bd3 52. e5 Be4+ 53. Kh2 Ke3 54.
Rb5 Bd4 55. Rb3+ Ke2 56. Rb4 Kd3 57. Rb3+ Ke2 58. Rb4 Ke3 59. Rb3+ Bd3 60. Rb4
Bc5 61. Rb2 Kf3 62. Rb3 Ke2 63. Rb2+ Kf1 0-1

[Event "32nd ECC Open 2016"]
[Site "Novi Sad SRB"]
[Date "2016.11.09"]
[Round "4.2"]
[Board "4"]
[White "Bu, Xiangzhi"]
[Black "Ivanisevic, Ivan"]
[Result "1/2-1/2"]
[WhiteTitle "GM"]
[BlackTitle "GM"]
[WhiteElo "2698"]
[BlackElo "2645"]
[WhiteTeam "Mednyi Vsadnik"]
[BlackTeam "VSK Sveti Nikolaj Srpski"]
[WhiteFideId "8601445"]
[BlackFideId "912417"]
[EventDate "2016.11.06"]

1. d4 Nf6 2. c4 e6 3. Nc3 Bb4 4. Qc2 O-O 5. a3 Bxc3+ 6. Qxc3 d6 7. Nf3 Re8 8.
Bg5 h6 9. Bh4 Qe7 10. e3 e5 11. Nd2 Bf5 12. Bd3 Bxd3 13. Qxd3 Nbd7 14. O-O Qe6
15. Bg3 Nh5 16. e4 Nxg3 17. hxg3 exd4 18. Qxd4 Qe5 19. Qxe5 dxe5 20. Rfd1 Red8
21. Nb3 Nf6 22. f3 b6 23. c5 Kf8 24. Kf2 Ke7 25. g4 h5 26. gxh5 Nxh5 27. Ke3 Nf4
28. g3 Ne6 29. cxb6 cxb6 30. Rxd8 Rxd8 31. Rh1 Rc8 32. Nc1 Rc2 33. Nd3 f6 34. f4
Nc5 35. Rc1 Rxc1 36. Nxc1 exf4+ 37. gxf4 g5 38. Ne2 gxf4+ 39. Nxf4 Kd6 40. Nd3
Ne6 1/2-1/2

[Event "32nd ECC Open 2016"]
[Site "Novi Sad SRB"]
[Date "2016.11.09"]
[Round "4.2"]
[Board "5"]
[White "Markus, Robert"]
[Black "Matlakov, Maxim"]
[Result "0-1"]
[WhiteTitle "GM"]
[BlackTitle "GM"]
[WhiteElo "2652"]
[BlackElo "2691"]
[WhiteTeam "VSK Sveti Nikolaj Srpski"]
[BlackTeam "Mednyi Vsadnik"]
[WhiteFideId "921637"]
[BlackFideId "4168003"]
[EventDate "2016.11.06"]

1. d4 Nf6 2. c4 e6 3. Nf3 d5 4. g3 Bb4+ 5. Bd2 Be7 6. Bg2 O-O 7. O-O Nbd7 8. Qc2
c6 9. Rd1 b6 10. Bg5 Bb7 11. Nbd2 h6 12. Bxf6 Nxf6 13. e4 Rc8 14. Rac1 dxc4 15.
Nxc4 Qc7 16. Nfe5 b5 17. Ne3 c5 18. a4 Qb8 19. axb5 cxd4 20. N3c4 Rc5 21. Nc6
Bxc6 22. bxc6 e5 23. Qa4 Rc8 24. Na5 Rxc1 25. Rxc1 Qxb2 26. Rf1 d3 27. Nc4 Qd4
28. Qa6 Rc7 29. Qb5 Bd6 30. Bf3 Kh7 31. Rd1 Bc5 32. Rd2 a6 33. Qb8 Rxc6 34. Nxe5
Rb6 35. Qc7 Bd6 0-1

[Event "32nd ECC Open 2016"]
[Site "Novi Sad SRB"]
[Date "2016.11.09"]
[Round "4.2"]
[Board "6"]
[White "Fedoseev, Vladimir3"]
[Black "Perunovic, Milos"]
[Result "1-0"]
[WhiteTitle "GM"]
[BlackTitle "GM"]
[WhiteElo "2673"]
[BlackElo "2616"]
[WhiteTeam "Mednyi Vsadnik"]
[BlackTeam "VSK Sveti Nikolaj Srpski"]
[WhiteFideId "24130737"]
[BlackFideId "921629"]
[EventDate "2016.11.06"]

1. d4 Nf6 2. c4 e6 3. Nc3 Bb4 4. Nf3 b6 5. e3 Ne4 6. Qc2 Bb7 7. Be2 O-O 8. O-O
Bxc3 9. bxc3 f5 10. Ba3 c5 11. Nd2 Nxd2 12. Qxd2 d6 13. Rad1 Qe7 14. Rfe1 Nc6
15. d5 Na5 16. Bb4 cxb4 17. cxb4 Nxc4 18. Bxc4 Rac8 19. Rc1 e5 20. a4 Qf7 21. f4
exf4 22. exf4 Rc7 23. Re6 Rfc8 24. Rxd6 Qf8 25. Rc6 Bxc6 26. d6+ Kh8 27. dxc7
Qe7 28. Qc3 h6 29. Bf1 Bb7 30. a5 Qd6 31. a6 Be4 32. Qe5 Qd2 33. Rc3 Kh7 34. h3
h5 35. h4 Qb2 36. Kh2 Qxb4 37. Rg3 Qf8 38. Rc3 Qb4 39. Be2 Qb2 40. Bf3 Bxf3 41.
Qxf5+ g6 42. Qd7+ Kh6 43. Rxf3 1-0